Juice WRLD Charting Songs (Billboard Hot Rap / R&B) - Statistics

General Stats
  • This quiz has been taken 179 times
    107 since last reset
  • The average score is 26 of 80
Answer Stats
Album Weeks On Peak Artist(s) Song % Correct
9 9 9 and Goodbye & Good Riddance 36 Weeks #1 Juice WRLD Lucid Dreams
97%
Fuck Love 11 Weeks #22 Kid LAROI & Juice WRLD GO!
95%
Music to Be Murdered By 20 Weeks #3 Eminem ft. Juice WRLD Godzilla
95%
Non-Album Single 20 Weeks #5 Juice WRLD & YoungBoy Never Broke Again Bandit
85%
Death Race For Love 22 Weeks #13 Juice WRLD Robbery
71%
Legends Never Die 16 Weeks #5 Juice WRLD & The Weeknd Smile
71%
Legends Never Die 20 Weeks #4 Juice WRLD Wishing Well
70%
Too Soon... 3 Weeks #13 Juice WRLD Legends
69%
WRLD on Drugs 13 Weeks #14 Future & Juice WRLD Fine China
66%
Nothings Different and Goodbye & Good Riddance 20 Weeks #20 Juice WRLD All Girls Are The Same
65%
Legends Never Die 9 Weeks #8 Juice WRLD & Marshmello ft. Polo G & Kid LAROI Hate the Other Side
52%
Melly vs. Melvin 21 Weeks #11 YNW Melly & Juice WRLD Suicidal
51%
Fighting Demons 5 Weeks #6 Juice WRLD Burn
50%
PTSD 6 Weeks #19 G Herbo ft. Chance The Rapper, Juice WRLD & Lil Uzi Vert PTSD
48%
Goodbye & Good Riddance 6 Weeks #27 Juice WRLD ft. Lil Uzi Vert Wasted
48%
Non-Album Single 7 Weeks #9 Juice WRLD & Young Thug Bad Boy
45%
Legends Never Die 8 Weeks #6 Juice WRLD Conversations
45%
Goodbye & Good Riddance 8 Weeks #26 Juice WRLD Lean wit Me
45%
Fighting Demons 4 Weeks #3 Juice WRLD & SUGA Girl of My Dreams
43%
Legends Never Die 18 Weeks #8 Juice WRLD Righteous
43%
Legends Never Die 7 Weeks #7 Juice WRLD & Halsey Life's a Mess
42%
Fighting Demons 6 Weeks #9 Juice WRLD & Justin Bieber Wandered to LA.
42%
Legends Never Die 3 Weeks #11 Juice WRLD Titanic
41%
Goodbye & Good Riddance 20 Weeks #19 Juice WRLD Armed & Dangerous
38%
The Goat 15 Weeks #14 Polo G ft. Juice WRLD Flex
38%
Fighting Demons 8 Weeks #6 Juice WRLD Already Dead
37%
Death Race For Love 2 Weeks #32 Juice WRLD Maze
37%
Legends Never Die 4 Weeks #15 Juice WRLD & Trippie Redd Tell Me U Luv Me
37%
Fighting Demons 4 Weeks #13 Juice WRLD, Polo G & Trippie Redd Feline
36%
STOKELEY 7 Weeks #32 Ski Mask The Slump God ft. Juice WRLD Nuketown
36%
Death Race For Love 3 Weeks #22 Juice WRLD Fast
35%
Death Race For Love 1 Week #50 Juice WRLD ft. Clever Ring Ring
35%
Legends Never Die 5 Weeks #9 Juice WRLD Blood on My Jeans
34%
Fighting Demons 6 Weeks #12 Juice WRLD Cigarettes
34%
Death Race For Love 5 Weeks #18 Juice WRLD Empty
34%
God Did 2 Weeks #16 DJ Khaled ft. Juice WRLD Juice WRLD Did
29%
9 9 9 3 Weeks #30 Juice WRLD Let Me Know (I Wonder Why Freestyle)
29%
Legends Never Die 3 Weeks #20 Juice WRLD Stay High
29%
Non-Album Single 3 Weeks #23 Marshmello & Juice WRLD Bye Bye
28%
A Love Letter to You 3 3 Weeks #24 Trippie Redd ft. Juice WRLD 1400 / 999 Freestyle
27%
Legends Never Die 2 Weeks #13 Juice WRLD Bad Energy
27%
Death Race For Love 1 Week #39 Juice WRLD Flaws and Sins
26%
Fighting Demons 2 Weeks #24 Juice WRLD Go Hard
24%
Legends Never Die 2 Weeks #21 Juice WRLD Fighting Demons
23%
Mansion Musik 3 Weeks #19 Trippie Redd & Juice WRLD Knight Crawler
23%
Trip at Knight 2 Weeks #14 Trippie Redd ft. Juice WRLD Matt Hardy 999
23%
Hoodie SZN 4 Weeks #37 A Boogie wit da Hoodie ft. Juice WRLD Demons & Angels
22%
Fighting Demons 1 Week #23 Juice WRLD Doom
22%
Nuthin' 2 Prove 1 Week #46 Lil Yachty ft. Juice WRLD Yacht Club
22%
A Love Letter to You 4 5 Weeks #28 Trippie Redd ft. Juice WRLD & YNW Melly 6 Kiss
21%
Death Race For Love 6 Weeks #16 Juice WRLD Hear Me Calling
21%
Fighting Demons 2 Weeks #15 Juice WRLD Sometimes
21%
Legends Never Die 2 Weeks #28 Juice WRLD Can't Die
20%
Non-Album Single 8 Weeks #26 The Kid LAROI & Juice WRLD Reminds Me of You
20%
B4 the Storm 2 Weeks #26 Internet Money ft. Juice WRLD & Trippie Redd Blastoff
19%
Non-Album Single 1 Week #33 Juice WRLD Face 2 Face
19%
Non-Album Single 1 Week #18 Juice WRLD & benny blanco Real Shit
19%
Death Race For Love 2 Weeks #42 Juice WRLD Make Believe
17%
Dying To Live 1 Week #19 Kodak Black ft. Juice WRLD MoshPit
17%
Death Race For Love 1 Week #44 Juice WRLD HeMotions
16%
Non-Album Single 5 Weeks #6 Juice WRLD In My Head
16%
Fighting Demons 3 Weeks #16 Juice WRLD Rockstar In His Prime
16%
Legends Never Die 2 Weeks #25 Juice WRLD Screw Juice
16%
Legends Never Die 2 Weeks #23 Juice WRLD Up Up and Away
16%
WRLD on Drugs 1 Week #33 Future & Juice WRLD ft. Young Scooter Jet Lag
15%
Fighting Demons 1 Week #26 Juice WRLD Not Enough
14%
Death Race For Love 1 Week #43 Juice WRLD Feeling
13%
Fighting Demons 1 Week #28 Juice WRLD From My Window
13%
Legends Never Die 1 Week #26 Juice WRLD I Want It
13%
Goodbye & Good Riddance 1 Week #36 Juice WRLD 734
12%
Fighting Demons 1 Week #29 Juice WRLD Relocate
12%
Crazy 1 Week #41 Juice WRLD, Clever & Post Malone Life's a Mess II
10%
Fighting Demons 1 Week #35 Juice WRLD Feel Alone
9%
WRLD on Drugs 1 Week #47 Juice WRLD Make It Back
8%
Fighting Demons 1 Week #48 Juice WRLD My Life in a Nutshell
8%
WRLD on Drugs 1 Week #50 Future & Juice WRLD ft. Young Thug Red Bentley
8%
Fighting Demons 2 Weeks #17 Juice WRLD You Wouldn't Understand
8%
Fighting Demons 1 Week #37 Juice WRLD Until the Plug Comes Back Around
7%
Punk 1 Week #29 Young Thug with Juice WRLD Rich Nigga Shit
6%
WRLD on Drugs 1 Week #39 Future & Juice WRLD Astronauts
3%
No matching quizzes found
Score Distribution
Percent of People with Each Score
Percentile by Number Answered
Your Score History
You have not taken this quiz since the last reset